000 00371nam a22001577a 4500
003 SGT
020 _a9781543344530
082 _a615.6
_bJ21R
100 _aJAIN,MAYUR.S.
245 _aA TEXT BOOK OF REGULATORY AFFAIRS
260 _aPUNJAB
_bS.VIKASH AND COMPANY
_c2021
300 _a126
650 _aPHARMACY
653 _aREGULATORY, AFFAIRS
942 _2ddc
_cGF BOOKS
999 _c31330
_d31330